[Event "XVI Torneo Internacional CIUDAD DE ALBA"]
[Site "Albacete - ESPAÑA"]
[Date "2008.09.05"]
[Round "8.7"]
[White "Babaev, Rashad"]
[Black "Serna Lara, Sergio"]
[Result "1-0"]
[WhiteElo "2484"]
[BlackElo "2247"]
[PlyCount "68"]
[EventDate "2008.09.01"]

1. e4 e6 2. d4 d5 3. Nd2 Nf6 4. e5 Nfd7 5. Bd3 c5 6. c3 b6 7. Ne2 Ba6 8. Bxa6
Nxa6 9. O-O Nc7 10. Nf4 Be7 11. Nf3 c4 12. g3 b5 13. Qc2 Nb6 14. h4 a5 15. Bd2
Na6 16. Ng5 g6 17. Kg2 Qd7 18. Rae1 Bd8 19. Re3 Bxg5 20. hxg5 h5 21. gxh6 Rxh6
22. Rf3 Rh7 23. Nh3 O-O-O 24. Ng5 Rg7 25. Rh1 Qe8 26. Nh7 Qc6 27. Nf6 g5 28.
Nh5 Rgg8 29. Rxf7 Nd7 30. Rxd7 Rxd7 31. Nf6 Rgg7 32. Nxd7 Kxd7 33. g4 b4 34.
Rh5 Qb7 {...} 1-0

[Event "XVI Torneo Internacional CIUDAD DE ALBA"]
[Site "Albacete - ESPAÑA"]
[Date "2008.09.05"]
[Round "8.8"]
[White "Vega Gomez, Francisco B"]
[Black "Kovacevic, Slobodan"]
[Result "0-1"]
[WhiteElo "2170"]
[BlackElo "2417"]
[PlyCount "154"]
[EventDate "2008.09.01"]

1. Nf3 c5 2. g3 b6 3. Bg2 Bb7 4. O-O Nf6 5. c4 e6 6. Nc3 a6 7. b3 d6 8. Bb2
Nbd7 9. e3 Qc7 10. Qe2 Be7 11. Rfd1 O-O 12. Rac1 Rac8 13. d4 cxd4 14. Nxd4 Bxg2
15. Kxg2 Qb7+ 16. Qf3 Qc7 17. Qe2 Rfe8 18. e4 Qb7 19. f3 Rc7 20. h3 Rec8 21.
Kh2 Ne8 22. f4 Bf6 23. Qe3 h6 24. Re1 Qa7 25. Rcd1 Qb7 26. Re2 Qb8 27. Kg2 Qb7
28. Kh2 Be7 29. Rf2 Nf8 30. Qd3 Nf6 31. Re1 N6d7 32. Qe3 Rd8 33. Rd1 Rcc8 34.
Rdf1 Qb8 35. Qf3 Qc7 36. Nf5 Bf6 37. Nxd6 Qxd6 38. e5 Qc7 39. exf6 Nxf6 40. Ne4
Nxe4 41. Qxe4 b5 42. cxb5 axb5 43. f5 Rd7 44. Qg4 e5 45. f6 g6 46. Qh4 h5 47.
Qg5 Rd5 48. Rc1 Qd8 49. Rxc8 Qxc8 50. Bxe5 Qc5 51. Re2 Rd1 52. Qe3 Qc6 53. Qe4
Qd7 54. Bb2 Ne6 55. h4 Qa7 56. Qg2 b4 57. Be5 Kh7 58. Rd2 Rb1 59. Bd6 Qb6 60.
Be5 Re1 61. Re2 Rb1 62. Qf2 Qc6 63. Re1 Rxe1 64. Qxe1 Qc2+ 65. Kg1 Qxa2 66.
Qxb4 Qb1+ 67. Kf2 Qf5+ 68. Bf4 Qxf6 69. Kf3 Qa1 70. Ke4 Qh1+ 71. Ke5 Qc6 72.
Qc4 Qb7 73. Qd5 Qe7 74. Qd6 Qe8 75. Kf6 Nf8 76. Bd2 Kg8 77. Bb4 Nh7# 0-1

[Event "XVI Torneo Internacional CIUDAD DE ALBA"]
[Site "Albacete - ESPAÑA"]
[Date "2008.09.05"]
[Round "8.9"]
[White "Cueto, Jonny"]
[Black "Sanchez Jerez, Emilio Miguel"]
[Result "0-1"]
[WhiteElo "2321"]
[BlackElo "2143"]
[PlyCount "70"]
[EventDate "2008.09.01"]

1. d4 Nf6 2. Bf4 g6 3. Nf3 Bg7 4. e3 O-O 5. Be2 c5 6. O-O Qb6 7. b3 Nc6 8. c3
d5 9. Nbd2 Bf5 10. a3 Nh5 11. Bg5 h6 12. Bh4 g5 13. dxc5 Qxc5 14. Nd4 Bd7 15.
Bxh5 gxh4 16. Rc1 Qxa3 17. b4 Nxd4 18. exd4 Bf5 19. Nf3 h3 20. Nh4 Be4 21. f3
hxg2 22. Kxg2 Bh7 23. Kh1 Bf6 24. Qd2 Bxh4 25. Qxh6 Kh8 26. Rg1 Bf6 27. Bg4 Bg7
28. Qh4 Qa6 29. Qxe7 Rae8 30. Qc5 Qc6 31. Qxa7 Re2 32. Bh3 Bh6 33. Qa1 Bf4 34.
Rg2 Rxg2 35. Bxg2 Qh6 0-1

[Event "XVI Torneo Internacional CIUDAD DE ALBA"]
[Site "Albacete - ESPAÑA"]
[Date "2008.09.05"]
[Round "8.10"]
[White "Espinosa Aranda, Angel"]
[Black "Camacho Calle, Pedro"]
[Result "1/2-1/2"]
[WhiteElo "2313"]
[BlackElo "2140"]
[PlyCount "26"]
[EventDate "2008.09.01"]

1. e4 c5 2. Nf3 e6 3. b3 a6 4. Bb2 d6 5. d4 cxd4 6. Nxd4 Nf6 7. Nd2 Nbd7 8. c4
g6 9. Bd3 Bg7 10. O-O O-O 11. N4f3 Qc7 12. Re1 b6 13. Rc1 Bb7 1/2-1/2

[Event "XVI Torneo Internacional CIUDAD DE ALBA"]
[Site "Albacete - ESPAÑA"]
[Date "2008.09.05"]
[Round "8.11"]
[White "Vega Gutierrez, Belinda"]
[Black "Fenollar Jorda, Manuel"]
[Result "0-1"]
[WhiteElo "2129"]
[BlackElo "2298"]
[PlyCount "94"]
[EventDate "2008.09.01"]

1. e4 e5 2. Nf3 Nc6 3. Bb5 a6 4. Bxc6 dxc6 5. O-O f6 6. d4 Bg4 7. c3 Bd6 8. Be3
Qd7 9. Nbd2 Ne7 10. h3 Be6 11. dxe5 fxe5 12. c4 Ng6 13. Ng5 Bg8 14. c5 Be7 15.
Qh5 O-O-O 16. Rfd1 Qe8 17. Qg4+ Kb8 18. Ne6 h5 19. Qf5 Bf6 20. Nxd8 Nh4 21. Qg5
Bxg5 22. Bxg5 Ng6 23. Nf3 Be6 24. Rd3 Bc8 25. Rad1 Nf8 26. Bh4 Nd7 27. b4 Nf6
28. Bg3 Nd7 29. Bh4 Rg8 30. a3 a5 31. Bg5 Nf6 32. Re1 Qg6 33. h4 Qe8 34. Nd2
Bd7 35. Nc4 Qe7 36. Red1 Rxd8 37. f4 exf4 38. e5 Qe6 39. exf6 gxf6 40. Bxf4
Qxc4 41. g3 axb4 42. axb4 Qxb4 43. Rxd7 Qxc5+ 44. Kh1 Rxd7 45. Rxd7 b5 46. Rxc7
Qd5+ 47. Kh2 Ka8 0-1

[Event "XVI Torneo Internacional CIUDAD DE ALBA"]
[Site "Albacete - ESPAÑA"]
[Date "2008.09.05"]
[Round "8.12"]
[White "Campayo Hernandez, Juan"]
[Black "Vega Gutierrez, Sabrina"]
[Result "0-1"]
[WhiteElo "2123"]
[BlackElo "2281"]
[PlyCount "90"]
[EventDate "2008.09.01"]

1. c4 e6 2. g3 d5 3. Bg2 Nf6 4. Nf3 dxc4 5. O-O c6 6. Na3 b5 7. Ne5 Nd5 8. d3
cxd3 9. Nxd3 Nd7 10. e4 N5b6 11. Qc2 Bb7 12. Be3 b4 13. Nc4 Nxc4 14. Qxc4 Qa5
15. Rac1 c5 16. e5 Ba6 17. Qc2 Rc8 18. Rfd1 Be7 19. Nf4 Nxe5 20. Qe4 Bf6 21.
Nh5 Ke7 22. Bf4 c4 23. Qe3 Qc5 24. Qe4 Rhd8 25. Be3 Qc6 26. Qf4 Qc7 27. Nxf6
gxf6 28. Bd4 Qd6 29. g4 Rg8 30. Qg3 Rcd8 31. Qe3 Rc8 32. h3 Nd3 33. Rc2 e5 34.
Bxa7 Bb5 35. b3 f5 36. bxc4 Bxc4 37. Rxd3 Qxd3 38. Qxe5+ Be6 39. Bc5+ Ke8 40.
Qf6 Qd1+ 41. Kh2 Rxc5 42. Rxc5 Qd6+ 43. Re5 fxg4 44. Qf4 Kd7 45. Qg3 gxh3 0-1

[Event "XVI Torneo Internacional CIUDAD DE ALBA"]
[Site "Albacete - ESPAÑA"]
[Date "2008.09.05"]
[Round "8.14"]
[White "Alcaraz Ortega, Javier"]
[Black "Berbatov, Kiprian"]
[Result "1-0"]
[WhiteElo "2105"]
[BlackElo "2250"]
[PlyCount "121"]
[EventDate "2008.09.01"]

1. Nf3 Nf6 2. c4 g6 3. Nc3 Bg7 4. d4 O-O 5. e4 d6 6. Be2 e5 7. O-O Nc6 8. d5
Ne7 9. b4 Nh5 10. Re1 a5 11. bxa5 Rxa5 12. a4 c5 13. Bd2 h6 14. Nb5 Ra6 15. Bc1
f5 16. Nd2 Nf6 17. f3 f4 18. Bf1 g5 19. Kf2 g4 20. Ke2 Ng6 21. Kd3 Nh4 22. Bb2
Kh7 23. Bc3 Rg8 24. Ra2 Bh8 25. Re2 Ne8 26. Kc2 Qg5 27. Kb1 Bf6 28. Qc1 Bd8 29.
fxg4 Bxg4 30. Rf2 Ba5 31. Nf3 Bxf3 32. gxf3 Bxc3 33. Nxc3 Qh5 34. Rab2 Rg7 35.
Ka2 Qf7 36. Bh3 Qc7 37. Rb5 Kg8 38. Qb1 Nf6 39. Qd1 Kf8 40. Rfb2 Ra7 41. Qe2
Nh7 42. Qf2 Qe7 43. Rb6 Qd8 44. Bg4 h5 45. Bh3 Ke8 46. R6b3 Nf8 47. Rb1 Qe7 48.
Ra3 Kd8 49. Nb5 Ra6 50. Rg1 Rxg1 51. Qxg1 Qf6 52. Nc3 Nxf3 53. Qb1 Kc7 54. Rb3
b6 55. Nb5+ Kb7 56. Rxf3 Rxa4+ 57. Ra3 Rb4 58. Qd3 Qh4 59. Ra7+ Kb8 60. Ra8+
Kb7 61. Bc8+ 1-0

[Event "XVI Torneo Internacional CIUDAD DE ALBA"]
[Site "Albacete - ESPAÑA"]
[Date "2008.09.05"]
[Round "8.15"]
[White "Avila Jimenez, Javier"]
[Black "Fernandez Garcia, Jose Miguel"]
[Result "0-1"]
[WhiteElo "2286"]
[BlackElo "2135"]
[PlyCount "73"]
[EventDate "2008.09.01"]

1. d4 Nf6 2. c4 e6 3. Nc3 Bb4 4. f3 O-O 5. a3 Bxc3+ 6. bxc3 Ne8 7. e4 b6 8. Bd3
Ba6 9. f4 Nc6 10. a4 Na5 11. Ba3 c5 12. dxc5 bxc5 13. Bxc5 d6 14. Bb4 Bxc4 15.
Nf3 Rc8 16. O-O Bxd3 17. Qxd3 Nc4 18. a5 Nf6 19. Qd4 Qc7 20. Ra2 Rfd8 21. Nd2
d5 22. e5 Ne4 23. Nf3 g6 24. g3 Nc5 25. Rb1 Rb8 26. Ne1 Rb5 27. Nc2 Rc8 28. Qf2
Ne4 29. Qe1 Ncd2 30. Nd4 Nxb1 31. Nxb5 Qc4 32. Qxb1 Qxb5 33. Qe1 Qd3 34. Qe2
Qb1+ 35. Kg2 Nxc3 36. Bxc3 Rxc3 37. Rb2 {...} 0-1

[Event "XVI Torneo Internacional CIUDAD DE ALBA"]
[Site "Albacete - ESPAÑA"]
[Date "2008.09.05"]
[Round "8.16"]
[White "Draghici Flutur, Gravril *"]
[Black "Picazo Lopez, Juan Antonio"]
[Result "1-0"]
[WhiteElo "2111"]
[BlackElo "2226"]
[PlyCount "33"]
[EventDate "2008.09.01"]

1. e4 d5 2. exd5 Nf6 3. Bb5+ Bd7 4. Be2 Bf5 5. g4 Bg6 6. c4 c6 7. g5 Ne4 8. d3
Qa5+ 9. Kf1 Nd6 10. Nc3 cxd5 11. Nxd5 Nc6 12. b4 Qd8 13. Qa4 a6 14. b5 Nxb5 15.
cxb5 Qxd5 16. bxc6 b5 17. Qg4 1-0

[Event "XVI Torneo Internacional CIUDAD DE ALBA"]
[Site "Albacete - ESPAÑA"]
[Date "2008.09.05"]
[Round "8.17"]
[White "Jimenez Martinez, Jose Vicente"]
[Black "Cruz Lledo, Pablo"]
[Result "0-1"]
[WhiteElo "2223"]
[BlackElo "2008"]
[PlyCount "152"]
[EventDate "2008.09.01"]

1. d4 d5 2. c4 c6 3. Nf3 Nf6 4. Nc3 a6 5. a4 e6 6. Bg5 a5 7. e3 Na6 8. Be2 Nb4
9. O-O Be7 10. Qb3 O-O 11. Na2 Na6 12. Rad1 h6 13. Bh4 Ne4 14. Bxe7 Qxe7 15.
Ne5 Nd6 16. c5 Nf5 17. Qc3 Qc7 18. f3 Ne7 19. f4 b6 20. Nd3 Nf5 21. Rf3 bxc5
22. Nxc5 Nd6 23. Bd3 Nxc5 24. dxc5 Ne8 25. h3 Ba6 26. Bb1 f5 27. Rd2 Nf6 28. b3
Ne4 29. Bxe4 fxe4 30. Rff2 Kh7 31. Rb2 g5 32. g3 gxf4 33. gxf4 Rf7 34. Qd4 Bd3
35. Rg2 Re8 36. Rbf2 e5 37. fxe5 Rxf2 38. Rxf2 Rxe5 39. Qb2 Rh5 40. Rf4 Rxh3
41. Qf6 Qg7+ 42. Qxg7+ Kxg7 43. b4 axb4 44. Nxb4 Rxe3 45. Nxc6 Re1+ 46. Kf2 Rc1
47. Nd8 Kg6 48. Ne6 Rc4 49. Rf8 d4 50. Nf4+ Kg7 51. Ne6+ Kh7 52. Nxd4 Rxd4 53.
c6 Rc4 54. Rc8 Rxa4 55. Ke3 Rc4 56. Kf4 Kg7 57. c7 Rc6 58. Ke3 Ba6 59. Re8 Rxc7
60. Rxe4 h5 61. Kf2 Bd3 62. Rd4 Bg6 63. Kg3 Kh6 64. Rb4 Rc5 65. Kh4 Re5 66. Kg3
Kg5 67. Rb3 h4+ 68. Kg2 Kg4 69. Rb2 Bd3 70. Rb4+ Re4 71. Rb8 Re2+ 72. Kg1 h3
73. Rg8+ Kf4 74. Kh1 Be4+ 75. Kg1 h2+ 76. Kf1 Ra2 0-1

[Event "XVI Torneo Internacional CIUDAD DE ALBA"]
[Site "Albacete - ESPAÑA"]
[Date "2008.09.05"]
[Round "8.18"]
[White "Juan Mas, Santiago"]
[Black "Pardo Simon, David"]
[Result "0-1"]
[WhiteElo "2098"]
[BlackElo "2204"]
[PlyCount "54"]
[EventDate "2008.09.01"]

1. Nc3 e5 2. Nf3 Nc6 3. d4 exd4 4. Nxd4 Nf6 5. g3 Bc5 6. Be3 Ne5 7. Nf5 Bxe3 8.
Nxe3 O-O 9. Bg2 c6 10. Qd6 Re8 11. Bh3 b5 12. O-O b4 13. Qxb4 d5 14. Bxc8 Rxc8
15. Na4 Ne4 16. Rad1 c5 17. Qa3 d4 18. b3 Qa5 19. Nd5 Nd2 20. c4 dxc3 21. Ndxc3
Nxf1 22. Kxf1 Qa6 23. Qc1 Nf3 24. Kg2 Nd4 25. e4 f5 26. f3 fxe4 27. Nxe4 Qe2+
0-1

[Event "XVI Torneo Internacional CIUDAD DE ALBA"]
[Site "Albacete - ESPAÑA"]
[Date "2008.09.05"]
[Round "8.20"]
[White "Guadamuro Torrente, Anabel"]
[Black "Perez Garcia, Roberto"]
[Result "1/2-1/2"]
[WhiteElo "2105"]
[BlackElo "2154"]
[PlyCount "59"]
[EventDate "2008.09.01"]

1. e4 c5 2. Nf3 Nc6 3. d4 cxd4 4. Nxd4 e5 5. Nb5 d6 6. N1a3 a6 7. Nc3 b5 8. Nd5
Nce7 9. Nxe7 Bxe7 10. c4 bxc4 11. Bxc4 Nf6 12. O-O O-O 13. f3 Bb7 14. Bg5 Nh5
15. Bxe7 Qxe7 16. Bd5 Bxd5 17. Qxd5 Nf4 18. Qd2 Rfd8 19. g3 Ne6 20. Rac1 d5 21.
exd5 Nd4 22. Qe3 Rxd5 23. Nc4 Rad8 24. Kg2 f6 25. b3 Qe6 26. Rf2 Nf5 27. Qe1
Rd3 28. Rc3 Rd1 29. Qe2 Nh6 30. Rc2 1/2-1/2